[Event "Bogota Centro Comercial op 2nd"]
[Site "Bogota"]
[Date "2024.04.14"]
[Round "4"]
[White "Paez Colmenares, Adolfo"]
[Black "Conti, Julian"]
[Result "1-0"]
[WhiteElo "1650"]
[BlackElo "1911"]
[PlyCount "55"]
[EventDate "2024.04.14"]
[EventType "swiss"]
[EventRounds "7"]
[EventCountry "COL"]
[SourceTitle "CB16_2024"]
[SourceDate "2024.04.17"]
[SourceVersion "1"]
[SourceVersionDate "2024.04.17"]
[SourceQuality "1"]

1. e4 c5 2. Nf3 e6 3. d3 Nc6 4. g3 Nf6 5. e5 Ng4 6. Qe2 Qc7 7. Bf4 h5 8. h3 Nh6 9. Nbd2 Nf5 10. c3 d5 11. Bg2 Be7 12. 0-0-0 b5 13. g4 Nh4 14. Nxh4 Bxh4 15. Nf3 Be7 16. Kb1 a5 17. gxh5 Rxh5 18. h4 g6 19. d4 c4 20. Ng5 b4 21. Bf3 Rh8 22. h5 bxc3 23. hxg6 Rxh1 24. gxf7+ Kd7 25. Rxh1 cxb2 26. Nxe6 Kxe6 27. Bg4+ Kxf7 28. e6+ 1-0

[Event "Medellin Easter op 11th"]
[Site "Medellin"]
[Date "2023.04.09"]
[Round "7"]
[White "Conti, Julian"]
[Black "Moncada, Jose Manuel"]
[Result "1-0"]
[WhiteElo "1857"]
[BlackElo "1481"]
[PlyCount "21"]
[EventDate "2023.04.05"]
[EventType "swiss"]
[EventRounds "7"]
[EventCountry "COL"]
[SourceTitle "CBM 213 Extra"]
[Source "ChessBase"]
[SourceDate "2023.05.31"]
[SourceVersion "1"]
[SourceVersionDate "2023.05.31"]
[SourceQuality "1"]

1. e4 c5 2. Nf3 d6 3. d4 cxd4 4. Nxd4 Nf6 5. Nc3 g6 6. Be3 Bg7 7. f3 Nc6 8. Qd2 0-0 9. 0-0-0 d5 10. Kb1 dxe4 11. Nxc6 1-0

[Event "Medellin Easter op 11th"]
[Site "Medellin"]
[Date "2023.04.05"]
[Round "1"]
[White "Conti, Julian"]
[Black "Fernandez, Andres2222"]
[Result "1/2-1/2"]
[WhiteElo "1857"]
[BlackElo "1551"]
[PlyCount "49"]
[EventDate "2023.04.05"]
[EventType "swiss"]
[EventRounds "7"]
[EventCountry "COL"]
[SourceTitle "CBM 213 Extra"]
[Source "ChessBase"]
[SourceDate "2023.05.31"]
[SourceVersion "1"]
[SourceVersionDate "2023.05.31"]
[SourceQuality "1"]

1. e4 c5 2. Nf3 d6 3. d4 cxd4 4. Nxd4 Nf6 5. Nc3 a6 6. Bg5 e6 7. f4 Be7 8. Qf3 Bd7 9. e5 dxe5 10. fxe5 Nd5 11. Bxe7 Qxe7 12. Nxd5 exd5 13. 0-0-0 Qxe5 14. Bc4 0-0 15. Qxd5 Qf4+ 16. Kb1 Bc6 17. Nxc6 Nxc6 18. Rhf1 Qc7 19. Bb3 Rad8 20. Qh5 Nd4 21. g3 Nxb3 22. axb3 Rxd1+ 23. Rxd1 Rd8 24. Rd5 Rxd5 25. Qxd5 1/2-1/2

[Event "Sabaneta op-A 1st"]
[Site "Sabaneta"]
[Date "2022.11.29"]
[Round "7"]
[White "Conti, Julian"]
[Black "Dominguez Rincon, Miller Duvan"]
[Result "0-1"]
[WhiteElo "1890"]
[BlackElo "1991"]
[PlyCount "94"]
[EventDate "2022.11.25"]
[EventType "swiss"]
[EventRounds "10"]
[EventCountry "COL"]
[SourceTitle "CBM 211 Extra"]
[Source "ChessBase"]
[SourceDate "2023.01.31"]
[SourceVersion "1"]
[SourceVersionDate "2023.01.31"]
[SourceQuality "1"]

1. e4 e5 2. Nf3 Nc6 3. Bb5 a6 4. Bxc6 dxc6 5. 0-0 Qd6 6. d3 Ne7 7. Be3 f6 8. Nbd2 c5 9. a4 Be6 10. Qe2 Nc6 11. Rfc1 a5 12. Ne1 g5 13. c3 Rd8 14. b3 h5 15. Rab1 Bg4 16. Qf1 h4 17. Nc4 Qd7 18. Bd2 Be6 19. Ne3 g4 20. Rd1 Bh6 21. Nc4 Bf8 22. Be3 Qg7 23. Rd2 Rd7 24. Nc2 Qg6 25. Kh1 Rg7 26. Ne1 Rhg8 27. f3 f5 28. Bg1 gxf3 29. Nxf3 h3 30. g3 Bd6 31. Nh4 Qg5 32. Be3 f4 33. Nf3 Qh5 34. gxf4 exf4 35. Nxd6+ cxd6 36. Bxf4 Rf7 37. Bxd6 Rxf3 38. Rf2 Bg4 39. Bg3 Rgf8 40. Rbb2 Qf7 41. Kg1 Qe6 42. Qb1 Ne5 43. d4 Nd3 44. d5 Qf7 45. Qxd3 Rxd3 46. Rxf7 Rd1+ 47. Kf2 Rxf7+ 0-1

[Event "Sabaneta op-A 1st"]
[Site "Sabaneta"]
[Date "2022.11.27"]
[Round "4"]
[White "Rodriguez Velasco, German Enrique"]
[Black "Conti, Julian"]
[Result "1-0"]
[WhiteElo "2097"]
[BlackElo "1890"]
[PlyCount "137"]
[EventDate "2022.11.25"]
[EventType "swiss"]
[EventRounds "10"]
[EventCountry "COL"]
[SourceTitle "CBM 211 Extra"]
[Source "ChessBase"]
[SourceDate "2023.01.31"]
[SourceVersion "1"]
[SourceVersionDate "2023.01.31"]
[SourceQuality "1"]

1. Nf3 d5 2. d4 Nf6 3. c4 e6 4. g3 c6 5. Bg2 Nbd7 6. 0-0 Be7 7. Qc2 0-0 8. Nbd2 a5 9. Rd1 a4 10. e4 dxe4 11. Nxe4 Nxe4 12. Qxe4 Nf6 13. Qc2 Qa5 14. Ne5 Rd8 15. c5 Bd7 16. Nc4 Qa6 17. Nb6 Be8 18. Bf4 Nd5 19. Bxd5 cxd5 20. Nxa8 Rxa8 21. f3 Bb5 22. Kf2 Rc8 23. Qd2 Bd8 24. Qe1 Ba5 25. Bd2 Bd8 26. Bc3 Bf6 27. Rd2 a3 28. Rc1 Bc4 29. b3 Bb5 30. Qe3 h6 31. h4 Qc6 32. Bb4 Ra8 33. Rh1 Qc7 34. f4 h5 35. Rdd1 Qd8 36. Qc1 Ra6 37. Ke3 Be7 38. Rdg1 f5 39. Bxa3 Qa8 40. Bb2 Rxa2 41. Qc3 Qe8 42. Ra1 Qg6 43. Kf2 Qg4 44. Qd2 Rxa1 45. Bxa1 Bd8 46. Bc3 Bc7 47. Qe3 Qg6 48. Ra1 Qe8 49. Re1 Kf7 50. Qf3 Kf6 51. Ra1 Ba6 52. Qd1 Qb5 53. Ke3 g6 54. Qc2 Kf7 55. Re1 Kf6 56. Kd2 Kf7 57. Kc1 Qc6 58. Kb2 Bd8 59. Qd2 Qb5 60. Ra1 Bf6 61. Ra4 Bd8 62. Ba5 Bf6 63. Bc7 Qxc5 64. Be5 Bxe5 65. fxe5 Qb5 66. Ra5 Qf1 67. Rc5 Qg1 68. Rc7+ Ke8 69. Qb4 1-0

[Event "Sabaneta op-A 1st"]
[Site "Sabaneta"]
[Date "2022.11.25"]
[Round "1"]
[White "Conti, Julian"]
[Black "Palencia Morales, Wilson Guillermo"]
[Result "0-1"]
[WhiteElo "1890"]
[BlackElo "2260"]
[PlyCount "72"]
[EventDate "2022.11.25"]
[EventType "swiss"]
[EventRounds "10"]
[EventCountry "COL"]
[SourceTitle "CBM 211 Extra"]
[Source "ChessBase"]
[SourceDate "2023.01.31"]
[SourceVersion "1"]
[SourceVersionDate "2023.01.31"]
[SourceQuality "1"]

1. e4 e5 2. Nf3 Nc6 3. Bb5 Nge7 4. d4 exd4 5. 0-0 d6 6. Nxd4 Bd7 7. Nc3 Nxd4 8. Qxd4 Bxb5 9. Nxb5 a6 10. Nc3 Nc6 11. Qd1 g6 12. Be3 Bg7 13. f4 Bxc3 14. bxc3 Qe7 15. Qf3 0-0-0 16. Rfe1 Qe6 17. Bf2 Rde8 18. Rab1 Qxa2 19. Qd3 Qe6 20. c4 f5 21. Qb3 Nd8 22. Bd4 Rhf8 23. e5 dxe5 24. Bxe5 Qc6 25. Qe3 Ne6 26. Kh1 Nc5 27. Red1 Rd8 28. c3 Rxd1+ 29. Rxd1 Rd8 30. Bd4 Qe6 31. Qf3 Qxc4 32. Rb1 Ne4 33. h3 c5 34. Be3 Rd3 35. Kh2 Qxc3 36. Rc1 Qxc1 0-1

[Event "COL-ch Blitz"]
[Site "Villavicencio"]
[Date "2021.11.15"]
[Round "3"]
[White "Conti, Julian"]
[Black "Pardo, Alejandro"]
[Result "0-1"]
[WhiteElo "1926"]
[BlackElo "2327"]
[PlyCount "117"]
[EventDate "2021.11.15"]
[EventType "swiss (blitz)"]
[EventRounds "13"]
[EventCountry "COL"]
[SourceTitle "CBM 205 Extra"]
[Source "ChessBase"]
[SourceDate "2022.01.31"]
[SourceVersion "1"]
[SourceVersionDate "2022.01.31"]
[SourceQuality "1"]

1. e4 c5 2. Nf3 d6 3. d4 cxd4 4. Nxd4 Nf6 5. Nc3 g6 6. Be3 Bg7 7. Qd2 0-0 8. f3 Nc6 9. 0-0-0 d5 10. Kb1 e5 11. Nxc6 bxc6 12. exd5 Nxd5 13. Nxd5 cxd5 14. Qxd5 Qc7 15. Qxa8 Bf5 16. Qxf8+ Kxf8 17. Bd3 Be6 18. Rhe1 h6 19. a3 a5 20. h3 Kg8 21. Re2 Kh7 22. Red2 f5 23. Bb5 e4 24. fxe4 Qe5 25. Bd4 Qxb5 26. Bxg7 Kxg7 27. exf5 Bxf5 28. g4 Be6 29. Re1 Qc4 30. b3 Qc3 31. Rde2 Bf7 32. h4 a4 33. Re3 Qd2 34. bxa4 Qd5 35. Re7 Qa2+ 36. Kc1 Qxa3+ 37. Kd2 Qxa4 38. R1e4 Qa5+ 39. c3 Kf6 40. g5+ hxg5 41. hxg5+ Kf5 42. Rd4 Bd5 43. Rd7 Qa2+ 44. Ke3 Be6 45. R7d6 Qh2 46. c4 Qg3+ 47. Kd2 Qxg5+ 48. Kc3 Qc1+ 49. Kb4 Qb2+ 50. Kc5 Qa3+ 51. Kc6 Qa6+ 52. Kc7 Qa7+ 53. Kc6 Qa8+ 54. Kc7 Qc8+ 55. Kb6 Bxc4 56. Rc6 Qb8+ 57. Kc5 Qb5+ 58. Kd6 Qb4+ 59. Rc5+ 0-1

[Event "Bogota El Tablazo Blitz op"]
[Site "Bogota"]
[Date "2021.11.07"]
[Round "13"]
[White "Conti, Julian"]
[Black "Lopez Ramirez, David Santiago"]
[Result "1-0"]
[WhiteElo "1926"]
[BlackElo "1876"]
[PlyCount "39"]
[EventDate "2021.11.07"]
[EventType "swiss"]
[EventRounds "14"]
[EventCountry "COL"]
[SourceTitle "CBM 205 Extra"]
[Source "ChessBase"]
[SourceDate "2022.01.31"]
[SourceVersion "1"]
[SourceVersionDate "2022.01.31"]
[SourceQuality "1"]

1. e4 c5 2. Nf3 Nc6 3. d4 cxd4 4. Nxd4 Nf6 5. Nc3 e5 6. Ndb5 d6 7. Bg5 a6 8. Na3 b5 9. Bxf6 gxf6 10. Nd5 Bg7 11. c3 f5 12. exf5 Bxf5 13. Nc2 Be6 14. Nce3 0-0 15. Bd3 f5 16. 0-0 f4 17. Qh5 h6 18. Qg6 Qd7 19. Qh7+ Kf7 20. Bg6# 1-0

[Event "Uniagraria AlphaZero op 2nd"]
[Site "Uniagraria"]
[Date "2019.11.09"]
[Round "3"]
[White "Conti, Julian"]
[Black "Soto, Cristian Camilo"]
[Result "0-1"]
[WhiteElo "1968"]
[BlackElo "2066"]
[PlyCount "78"]
[EventDate "2019.11.08"]
[EventType "swiss"]
[EventRounds "7"]
[EventCountry "COL"]
[SourceTitle "CBM 193 Extra"]
[Source "ChessBase"]
[SourceDate "2020.01.31"]
[SourceVersion "1"]
[SourceVersionDate "2020.01.31"]
[SourceQuality "1"]

1. d4 Nf6 2. c4 g6 3. Nc3 Bg7 4. e4 d6 5. Be2 0-0 6. Be3 e5 7. d5 a5 8. h3 Na6 9. g4 Nc5 10. f3 Ne8 11. h4 f5 12. gxf5 gxf5 13. Qd2 f4 14. Bf2 Bf6 15. 0-0-0 Kh8 16. Nb5 Bd7 17. Kb1 b6 18. Qe1 Rg8 19. Nh3 h6 20. Bf1 Ng7 21. Ng1 Nh5 22. Ne2 Bxb5 23. cxb5 Qd7 24. b3 Rg7 25. Kb2 Rag8 26. a4 Qe7 27. Qd2 Ng3 28. Rh2 Bxh4 29. Bh3 Rg6 30. Bxc5 dxc5 31. Be6 R8g7 32. Nc1 Bf6 33. Nd3 h5 34. Kc3 Rh7 35. Kc4 Bg7 36. Qg2 Rhh6 37. Qb2 Rg5 38. Rh3 Rxe6 39. dxe6 Qxe6+ 0-1

[Event "COL-ch"]
[Site "Bogota"]
[Date "2018.11.06"]
[Round "1"]
[White "Cabiativa, Juan Esteban"]
[Black "Conti, Julian"]
[Result "0-1"]
[WhiteElo "1321"]
[BlackElo "1952"]
[PlyCount "54"]
[EventDate "2018.11.06"]
[EventType "swiss"]
[EventRounds "9"]
[EventCountry "COL"]
[SourceTitle "CBM 187 Extra"]
[Source "ChessBase"]
[SourceDate "2018.11.04"]
[SourceVersion "1"]
[SourceVersionDate "2018.11.04"]
[SourceQuality "1"]

1. c4 e6 2. Nc3 Nf6 3. g3 d5 4. cxd5 exd5 5. d4 Be7 6. Bg2 0-0 7. Nf3 Nbd7 8. 0-0 Re8 9. Re1 c6 10. a3 Bd6 11. b4 b5 12. Bb2 Nb6 13. Nd2 Bf5 14. Qb3 a5 15. bxa5 Rxa5 16. Nd1 Nc4 17. Nxc4 bxc4 18. Qa2 Qd7 19. Ne3 Bg6 20. Nxc4 dxc4 21. Qxc4 Be4 22. Bxe4 Nxe4 23. f3 Nxg3 24. hxg3 Qh3 25. e4 Qxg3+ 26. Kf1 Qxf3+ 27. Kg1 Rg5# 0-1

[Event "World Amateur-ch U2300"]
[Site "Spoleto"]
[Date "2017.04.08"]
[Round "9"]
[White "Conti, Julian"]
[Black "Verrascina, Roberto"]
[Result "0-1"]
[WhiteElo "2037"]
[BlackElo "2190"]
[PlyCount "56"]
[EventDate "2017.04.01"]
[EventType "swiss"]
[EventRounds "9"]
[EventCountry "ITA"]
[SourceTitle "CBM 177 Extra"]
[Source "ChessBase"]
[SourceDate "2017.04.27"]
[SourceVersion "1"]
[SourceVersionDate "2017.04.27"]
[SourceQuality "1"]

1. e4 Nf6 2. Nc3 d5 3. exd5 Nxd5 4. Nf3 e6 5. g3 c5 6. Bg2 Be7 7. 0-0 0-0 8. Re1 Nc6 9. a3 b6 10. Nxd5 exd5 11. d4 Be6 12. c3 Rc8 13. Be3 Qd7 14. Qd2 Na5 15. Ne5 Qb5 16. a4 Qe8 17. Ra2 c4 18. h3 f6 19. Ng4 Qd7 20. f3 Rfe8 21. Kh2 Bf8 22. Re2 Nb3 23. Qe1 Bf5 24. Nf2 Re7 25. a5 b5 26. Ra3 Rce8 27. Rxb3 cxb3 28. Bf1 Re6 0-1

[Event "World Amateur-ch U2300"]
[Site "Spoleto"]
[Date "2017.04.05"]
[Round "6"]
[White "Rivola, Franco"]
[Black "Conti, Julian"]
[Result "0-1"]
[WhiteElo "1913"]
[BlackElo "2037"]
[PlyCount "66"]
[EventDate "2017.04.01"]
[EventType "swiss"]
[EventRounds "9"]
[EventCountry "ITA"]
[SourceTitle "CBM 177 Extra"]
[Source "ChessBase"]
[SourceDate "2017.04.27"]
[SourceVersion "1"]
[SourceVersionDate "2017.04.27"]
[SourceQuality "1"]

1. d4 d5 2. Nf3 Nf6 3. g3 e6 4. Bg2 Be7 5. 0-0 0-0 6. Nbd2 Nbd7 7. c4 c6 8. Qc2 b6 9. Ne5 Nxe5 10. dxe5 Nd7 11. f4 Bb7 12. b3 a5 13. Bb2 a4 14. Nf3 b5 15. cxd5 cxd5 16. Bd4 Qa5 17. Rfc1 Rfc8 18. Qd3 Nc5 19. Qe3 Ne4 20. Bh3 g6 21. g4 Ba3 22. Rxc8+ Rxc8 23. f5 Rc2 24. f6 Bf8 25. Ne1 Rxa2 26. Rxa2 Qxe1+ 27. Bf1 a3 28. Rc2 b4 29. Rc7 Ba6 30. Rc6 Nd2 31. Qh3 Bxe2 32. Bf2 Nf3+ 33. Kh1 Qxf2 0-1

[Event "COL pre olympic sf"]
[Site "Bogota"]
[Date "2016.05.25"]
[Round "1"]
[White "Guerrero Sierra, Juan Carlos"]
[Black "Conti, Julian"]
[Result "0-1"]
[WhiteElo "2282"]
[BlackElo "2000"]
[PlyCount "72"]
[EventDate "2016.05.25"]
[EventType "swiss"]
[EventRounds "9"]
[EventCountry "COL"]
[SourceTitle "CBM 172 Extra"]
[Source "ChessBase"]
[SourceDate "2016.06.21"]
[SourceVersion "1"]
[SourceVersionDate "2016.06.21"]
[SourceQuality "1"]

1. Nf3 c5 2. e4 e6 3. d4 cxd4 4. Nxd4 Nc6 5. Nc3 a6 6. g3 Nf6 7. Bg2 Qc7 8. 0-0 Nxd4 9. Qxd4 Bc5 10. Qd3 0-0 11. Bf4 d6 12. Rad1 e5 13. Bg5 Be6 14. Bxf6 gxf6 15. Qf3 Bd4 16. Qxf6 Qd8 17. Qh6 Rc8 18. Nd5 Bxd5 19. exd5 f5 20. c3 Bc5 21. h4 Rc7 22. Bh3 Rg7 23. Kh2 Kh8 24. f3 Qb6 25. b4 Be3 26. Qe6 Qd8 27. f4 Rf6 28. fxe5 Rxe6 29. dxe6 f4 30. exd6 fxg3+ 31. Kg2 Qxh4 32. Rf3 Bg5 33. Rd4 Qh5 34. Rd5 Qg6 35. Rff5 Rg8 36. Rxg5 Qe4+ 0-1